01318nam a2200241 a 450000100060000000300090000600800410001502000150005604000280007108200140009910000270011324500280014025000060016826000430017430000090021750503650022659001360059165000180072794200120074599900170075795201490077495201530092320785CO-ViMGA141112s2004 ck r 000 u spa d a0205117848 aCO-ViMGAbspacCO-ViMGA04a530 B517f1 aBlatt, Frank J.93005610aFundamentos de física a3 aMexico : bPearson educación, c1991 a900p aCinemática en dos dimensiones; vectores 30 - - Dinámica 55 - - Movimiento circular 144 - - Propiedades mecánicas de la materia 213 - - Hidrostática e hidrodinámica 235 - - Termodinámica 331 - - Movimiento oscilatorio 357 - - 384 - - Corrientes electricas contínuas 505 - - Optica física 696 - - Física nuclear y partículas elementales 837  aForma de adquisición : Compra fact.0551 - - Precio : 56900 - - Proveedor : Temas y libros - - Fecha de adquisición : Junio 200614aFISICA910460 2ddccBK c29739d29739 00102ddc40708003aMEVIECARbMEVIECARd2015-12-04hVolumen. 1 | 11/jun/2009l0o530 B517f p20785r2022-10-11 00:00:00tEj. 1w2015-12-04yBK 00102ddc40708003aMEVIECARbMEVIECARd2015-12-04hVolumen. 1 | 11/jun/2009l0o530 B517f p20785 - 1r2018-05-25 00:00:00tEj. 1w2015-12-04yBK